00784nam a2200241Ia 450000100060000000300090000600800410001504000130005604000130006904100130008210000160009510000290011124500510014024500510019125000110024226000090025326000210026226000490028330000430033250001050037565000310048065000310051133381IT-RoPAU130308s9999 xx 000 0 und d aIT-RoPAU cIT-RoPAU aITALIANO aRolfo Luigi gCodice Aut. SPICS: 1943 aDon Giacomo Alberione sempre proteso in avanti bDon Giacomo Alberione Sempre Proteso in Avanti a1a ed. aROMA bEdizioni Paoline c1982 [1° Ed.:1982 - Ed.Ling.Originale:1982] a"112 p. (prefazione: no ; testo: 112)" aVita e Opere di Don Giacomo Alberione Famiglia Paolina Apostolato della Stampa Documenti Fotografici aSTUDI SU GIACOMO ALBERIONE eCodice materia Spics: 9902